Regime jurídico das parcerias entre administração pública e organizações da sociedade civil : (Record no. 901)

MARC details
000 -LÍDER
Campo Fixo de Controle 01138nam a2200289 a 4500
001 - NÚMERO DE CONTROLE
Campo de Controle 901
003 - IDENTIFICAÇÃO DO NÚMERO DE CONTROLE
Campo de Controle BR-CuiBMT
005 - DATA E HORA DA ÚLTIMA ATUALIZAÇÃO
Campo de Controle 20231212144731.0
008 - DADOS FIXOS
Dados Fixos 231122s2017 bab 000 0 por d
020 ## - INTERNATIONAL STANDARD BOOK NUMBER
Nº do ISBN 8544210945
040 ## - AGÊNCIA CATALOGADORA
Código da Agência Catalogadora BR-CuiBMT
Agência que transcreveu o registro BR-CuiBMT
080 ## - Nº DA CLASSIFICAÇÃO DECIMAL UNIVERSAL
Nº Class. CDU 35:347.191.1:35
Nº edição CDU 2007
090 ## - NÚMERO DE CHAMADA
Nº classificação 35:347.191.1
Cutter A553r
100 10 - ENTRADA PRINCIPAL -- AUTOR PESSOAL
Nome pessoal Andrade, Moisés de
245 10 - TÍTULO PRINCIPAL
Título principal Regime jurídico das parcerias entre administração pública e organizações da sociedade civil :
Subtítulo Lei 13.019/2014 /
Indicação de responsabilidade Moisés de Andrade, Paulo André Freires Paiva, Paulo Gabriel Vilas Bôas de Carvalho.
260 ## - PUBLICAÇÃO, DISTRIBUIÇÃO, ETC.
Local de publicação Salvador :
Editora JusPODIVM,
Data 2016.
300 ## - DESCRIÇÃO FÍSICA
N. páginas ou volumes 169 p. :
Ilustrações il. ;
Dimensões 21 cm
490 1# - INDICAÇÃO DE SÉRIE
Título da série Coleção leis especiais para concursos ;
Volume/designação sequencial da série v. 46
650 ## - ASSUNTO TÓPICO
Cabeçalho tópico ou nome geográfico Sociedade civil
Subdivisão geral Organizações
-- Regulação
Subdivisão geográfica Brasil
650 ## - ASSUNTO TÓPICO
Cabeçalho tópico ou nome geográfico Terceiro setor
Subdivisão geral Regulação
Subdivisão geográfica Brasil
650 ## - ASSUNTO TÓPICO
Cabeçalho tópico ou nome geográfico Organizações sociais
Subdivisão geral Regulação
Subdivisão geográfica Brasil
650 ## - ASSUNTO TÓPICO
Cabeçalho tópico ou nome geográfico Administração pública
Subdivisão geral Legislação
Subdivisão geográfica Brasil
700 1# - ENTRADA SECUNDÁRIA -- NOME PESSOAL
Nome pessoal Paiva, Paulo André Freires
700 1# - ENTRADA SECUNDÁRIA -- NOME PESSOAL
Nome pessoal Carvalho, Paulo Gabriel Vilas Bôas de
830 #0 - ENTRADA SECUNDÁRIA DE SÉRIE -- TÍTULO UNIFORME
Título uniforme Leis especiais para concursos ;
Nº do volume/designação sequencial da série 46
942 ## - ELEMENTOS DE ENTRADA ADICIONAIS (KOHA)
Fonte de classificação ou esquema de arquivamento Classificação Decimal Universal
Tipo de item do Koha Livros
Holdings
Estado: removido Estado: perdido Fonte de classificação ou esquema de arquivamento Estado: danificado Indisponível para empréstimo Localização permanente Localização atual Data de aquisição Total Checkouts Número de Chamada completo Código de barras Date last seen Número do exemplar Preço efetivo a partir de Tipo de item (Koha)
    Classificação Decimal Universal     Biblioteca da Escola Superior de Contas do TCE/MT Biblioteca da Escola Superior de Contas do TCE/MT 22/11/2023   35:347.191.1 A553r BIBTCEMT23110891 22/11/2023 Ex. 1 22/11/2023 Livros

Powered by Koha